000 00412nam a2200157 i 4500
001 bg
100 1 _aMICHAJLOW, A. W.
245 0 _aElektronnye wycislitelnye masiny /
_cA.W. Michajlow, W.F. Nowoselskaja, W.P. Tkacew.
260 _aMoskwa,
_c1971.
700 1 _aNOWOSELSKAJA, W. F.
700 1 _aTKACEW, W. P.
040 _cBPK
041 _apol
942 _cKS
008 s pl f |000 0 pol
999 _c14913
_d14913
856 _uhttp://koha.tu.koszalin.pl/cgi-bin/koha/opac-detail.pl?biblionumber=14913
_yKatalog online BPK